Misafir işçilikten etnik azınlığa Belçika'daki Türkler (Record no. 1029)
[ view plain ]
| 000 -BAŞLIK | |
|---|---|
| Sabit Uzunlukta Kontrol Alanı | 00907na a2200301 4500 |
| 001 - KONTROL NUMARASI | |
| Denetim Alanı | 14584 |
| 003 - KONTROL NUMARASI IDENTIFIER | |
| Denetim Alanı | MIRAKIL |
| 005 - SON İŞLEM TARİHİ VE ZAMANI | |
| Denetim Alanı | 20181213154809.0 |
| 008 - SABİT-BOY VERİ ELEMANLARI - GENEL BİLGİLER | |
| Sabit Uzunlukta Kontrol Alanı | 161025b tu 000 0 |
| 020 ## - ULUSLARARASI STANDART KİTAP NUMARASI | |
| Uluslararası Standart Kitap Numarası | 97586055738037 |
| 035 ## - SİSTEM KONTROL NUMARASI | |
| Sistem Kontrol Numarası | 14584 |
| 040 ## - KATALOGLAMA KAYNAK | |
| Orijinal Kataloglama Ajansı | Milas |
| Kataloglama Dili | tur |
| Metne Dönüştürmek Ajansı | TR-AnCHP |
| 041 ## - DİL KODU | |
| Metin / Ses Parça Veya Ayrı Başlığın Dil Kodu | tur |
| 082 ## - DEWEY ONLU SINIFLANDIRMA NUMARASI | |
| Sınıflandırma Numarası | 304.8 |
| Ürün Numarası | G34m 2009 |
| 090 ## - SINIFLAMA NUMARASI | |
| Sınıflama Numarası | 304.8 G34m 2009 |
| 100 ## - ANA GİRİŞ - KİŞİSEL İSİM | |
| Kişisel Ad | Gelekçi, Cahit |
| 245 ## - BAŞLIK TABLOSU | |
| Başlık | Misafir işçilikten etnik azınlığa Belçika'daki Türkler |
| Sorumluluk Tablosu, Vb | Cahit Gelekçi, Ali Köse |
| 260 ## - YAYIN, DAĞITIM, VB | |
| Yayın, Dağıtım, Vb Yeri | Ankara |
| Yayıncı, Dağıtıcı, Vs Adı | Phoenix Yayınevi |
| Yayın, Dağıtım, Vb Tarihi | 2009 |
| 300 ## - FİZİKSEL TANIM | |
| Kapsam | 304 s. |
| Diğer Fiziksel Ayrıntıları | tbl. |
| Boyutlar | 20 sm. |
| 490 ## - SERİSİ TABLOSU | |
| Seri Beyanı | Phoenix Yayınevi |
| Hacim / Ardışık Tanımı | 192 |
| 504 ## - KAYNAKÇA VB NOT | |
| Kaynakça Vb Notu | Kaynakça var |
| 650 ## - KONU KATMA GİRİŞ - TOPİKAL DÖNEM | |
| Topikal Süreli Veya Coğrafi Ad Giriş Elemanı | Azınlıklar |
| Genel Alt Bölümü | Sosyo ekonomik koşullar |
| Coğrafi Alt Bölümü | Belçika |
| 650 ## - KONU KATMA GİRİŞ - TOPİKAL DÖNEM | |
| Topikal Süreli Veya Coğrafi Ad Giriş Elemanı | Türk göçmen işgücü |
| Coğrafi Alt Bölümü | Belçika |
| 650 ## - KONU KATMA GİRİŞ - TOPİKAL DÖNEM | |
| Topikal Süreli Veya Coğrafi Ad Giriş Elemanı | Göç, Uluslararası |
| Genel Alt Bölümü | Sosyal koşullar |
| Coğrafi Alt Bölümü | Belçika |
| 650 ## - KONU KATMA GİRİŞ - TOPİKAL DÖNEM | |
| Topikal Süreli Veya Coğrafi Ad Giriş Elemanı | Türkler |
| Coğrafi Alt Bölümü | Belçika |
| 700 ## - KATMA GİRİŞ - KİŞİSEL İSİM | |
| Kişisel Ad | Köse, Ali |
| 942 ## - EKLENDİ GİRİŞ ELEMANLARI (KOHA) | |
| Sınıflandırma Veya Raf Düzeni Kaynak | |
| Koha Öğesi Türü | Books |
| 999 ## - SİSTEM KONTROL NUMARALARI (KOHA) | |
| Koha Biblionumber | 1029 |
| Koha Biblioitemnumber | 1029 |
| Kalıcı Konum | Mevcut Konum | Edinme Tarihi | Edinim Kaynak | Toplam Check-Out'Lar | Tam Çağrı Numarası | Barkod | Tarih Son Görülme | İtibaren Geçerli Fiyatlar | Koha Öğesi Türü |
|---|---|---|---|---|---|---|---|---|---|
| CHP Kütüphanesi | CHP Kütüphanesi | 08/29/2016 | Bağış | 304.8 G34m 2009 | 001439 | 08/29/2016 | 08/29/2016 | Books |
